Āshināyī bā shāʻirān-i Quhistān (Khurāsān-i Junūbī) az āghāz tā imrūz /

Saved in:
Bibliographic Details
Main Author: Zangūyī, Ḥusayn.
Format: Book
Language:Persian
Published: Tihrān : Rūzigār, 1388 [2009]
Edition:Chāp-i 2.
Series:Nashr-i Rūzgār (Series) ; 377.
Subjects:
Tags: Add Tag
No Tags, Be the first to tag this record!
LEADER 01696nam a2200421 a 4500
001 012318655-2
005 20151102163024.0
008 151017s2009 ir g b 001 pcperrd
020 |a 9643740471 
020 |a 9643741079 
020 |z 9789643741079 
035 0 |a ocn928128160 
041 0 |a per 
043 |a a-ir--- 
050 0 4 |a PK6446  |b .Z36 2009 
100 1 |6 880-01  |a Zangūyī, Ḥusayn. 
245 1 0 |6 880-02  |a Āshināyī bā shāʻirān-i Quhistān (Khurāsān-i Junūbī) az āghāz tā imrūz /  |c taḥqīq va taʼlīf Ḥusayn Zangūyī. 
246 3 |6 880-03  |a Āshināyī bā shāʻirān-i Quhistān az āghāz tā imrūz 
246 3 |6 880-04  |a Shāʻirān-i Quhistān 
250 |6 880-05  |a Chāp-i 2. 
260 |6 880-06  |a Tihrān :  |b Rūzigār,  |c 1388 [2009] 
300 |a 488 p. :  |c 25 cm. 
490 1 |6 880-07  |a Nashr-i Rūzigār ;  |v 377 
546 |a In Persian. 
504 |a Includes bibliographical references (p. [484]-488) and index. 
650 0 |a Persian Poetry  |z Iran  |z Quhistān. 
650 0 |a Poets, Persian  |z Iran  |z Quhistān  |x Biography. 
752 |a Iran  |d Tehran. 
880 1 |6 100-01  |a زنگویی، حسین. 
880 1 0 |6 245-02  |a آشنایی با شاعران قهستان (خراسان جنوبی) از آغاز تا امروز /  |c تحقیق و تالیف حسین زنگویی. 
880 3 |6 246-03  |a آشنایی با شاعران قهستان از آغاز تا امروز 
880 3 |6 246-04  |a شاعران قهستان 
880 |6 250-05  |a چاپ 2. 
880 |6 260-06  |a تهران :  |b روزگار،  |c 1388 [2009] 
880 1 |6 490-07  |a نشر روزگار ؛  |v 377 
830 0 |a Nashr-i Rūzgār (Series) ;  |v 377. 
988 |a 20100413 
906 |0 MH